000
00304nam a22001337a 4500
020
_q
PB.
040
_c
FIZZA ISHAQ
082
_a
005.42
_b
LEL
100
_a
BECK,L.LELAND.
_9
91015
245
_a
SYSTEM SOFTWARE /
_c
LELAND L.BECK.
260
_a
ADDISION ;
_c
1997.
300
_a
519 P. ;
942
_2
ddc
_c
BK
999
_c
589215
_d
589215